Online
Catalog
Normal view MARC view

Entry Nombre personal

Number of records used in: 28

001 - NÚMERO DE CONTROL

  • campo de control: 1699

003 - IDENTIFICADOR DEL NÚMERO DE CONTROL

  • campo de control: BNPHU

005 - FECHA Y HORA DE LA ÚLTIMA TRANSACCIÓN

  • campo de control: 20250206123232.0

008 - DATOS DE LONGITUD FIJA

  • campo de control de longitud fija: 200615|| aca||aabn | a|a d

010 ## - NÚMERO DE CONTROL DE LA BIBLIOTECA DEL CONGRESO

  • Número de control de LC: n 84028788

040 ## - FUENTE DE LA CATALOGACIÓN

  • Centro catalogador/agencia de origen: DO-SdBNP
  • Lengua de catalogación: spa
  • Centro/agencia transcriptor: BNPHU
  • Normas de descripción: rda

046 ## - FECHAS CON CODIFICACIÓN ESPECIAL

  • Fecha de nacimiento: 19491222

100 1# - ENCABEZAMIENTO-NOMBRE DE PERSONA

  • Nombre de persona: Grimaldi, Víctor,
  • Fechas asociadas al nombre: 1949-

370 ## - LUGAR ASOCIADO

  • Lugar de nacimiento: Santo Domingo

372 ## - CAMPO DE ACTIVIDAD

  • Campo de actividad: Ingeniería de Sistemas
  • Campo de actividad: Economía

374 ## - OCUPACIÓN

  • Ocupación: Periodista
  • Ocupación: Diolomatico
  • Ocupación: Escritor
  • Ocupación: Político

375 ## - GÉNERO/SEXO

  • Género/Sexo: Masculino

377 ## - LENGUA/LENGUAJE ASOCIADO

  • Código del idioma: spa

400 1# - TRAZADO DE VÉASE--NOMBRE DE PERSONA

  • Nombre de persona: Grimaldi Céspedes, Víctor Manuel,
  • Fechas asociadas al nombre: 1949-

500 ## - TRAZADO DE VÉASE ADEMÁS--NOMBRE DE PERSONA

  • Nombre de persona: Céspedes, Manuel
  • Fechas asociadas al nombre: 1949-
  • Subcampo de control: nnnc

663 ## - REFERENCIA COMPLEJA DE VÉASE ADEMÁS--NOMBRE

  • Texto explicativo: Para obras de este autor escritas bajo otro nombre, buscar también bajo:
  • Encabezamiento referido a: Céspedes, Manuel

670 ## - FUENTE DE DATOS ENCONTRADOS

  • Cita de la fuente: Work cat.: (OSt)513: Grimaldi, Víctor, 1949-, Sangre en el barrio del jefe /, 2007.

670 ## - FUENTE DE DATOS ENCONTRADOS

  • Cita de la fuente: Entrevistas, análisis, reportajes, c1977:
  • Información encontrada: portada (Víctor Grimaldi) p. 4 de cubierta (n. Santo Domingo 22/12/1949; periodista

670 ## - FUENTE DE DATOS ENCONTRADOS

  • Cita de la fuente: La Guerra de Pichirilo, 2012:

Powered by Koha